| 000 | 00334nam a2200133 a 4500 | ||
|---|---|---|---|
| 001 | 5098 | ||
| 003 | CDMR | ||
| 005 | 20130116135304.0 | ||
| 008 | 130130s2010||||||||||||||||||||||||||||d | ||
| 040 |
_aCDMR _bcat _cCPC GIRONA |
||
| 245 | 3 |
_aLa travessa de la Costa Brava _bCamins de Ronda |
|
| 260 |
_c2010 _bTriangle Postals S.L. |
||
| 942 | _cMON | ||
| 999 |
_c5098 _d5098 |
||